Normale Ansicht MARC-Ansicht ISBD

Die Konsumentenstadt : (Titelsatznr. 371274)

[ MARC ]
MARC-Details
000 -Satzkennung
Kontrollfeld mit fester Länge 03912cam a2200733 4500
001 - Kontrollnummer
Kontrollfeld 88762202X
003 - Kontrollnummer Identifier
Kontrollfeld DE-627
005 - Datum und Zeit der letzten Transaktion
Kontrollfeld 20220104165328.0
007 - Feld mit fester Länge zur physischen Beschreibung - Allgemeine Information
Kontrollfeld mit fester Länge tu
008 - Feld mit fester Länge zur physischen Beschreibung - Allgemeine Angaben
Kontrollfeld mit fester Länge 170517s2018 gw ||||| 10| ||ger c
015 ## - Nummer der Nationalbibliografie
Nummer der Nationalbibliografie 17,N20
Quelle dnb
016 7# - Kontrollnummer der nationalbibliografischen Agentur
Datensatzkontrollnummer 1131583027
Quelle DE-101
020 ## - Internationale Standardbuchnummer
Internationale Standardbuchnummer 9783412508302
Bezugsbedingungen : EUR 35.00 (DE), circa EUR 36.00 (AT)
020 ## - Internationale Standardbuchnummer
Internationale Standardbuchnummer 3412508306
024 3# - Anderer Standardidentifier
Standardnummer oder Code 9783412508302
035 ## - Systemkontrollnummer
System-Kontrollnummer (DE-627)88762202X
035 ## - Systemkontrollnummer
System-Kontrollnummer (DE-576)495367826
035 ## - Systemkontrollnummer
System-Kontrollnummer (DE-599)DNB1131583027
035 ## - Systemkontrollnummer
System-Kontrollnummer (OCoLC)987571918
035 ## - Systemkontrollnummer
System-Kontrollnummer (OCoLC)1032305269
035 ## - Systemkontrollnummer
System-Kontrollnummer (DE-101)1131583027
040 ## - Katalogisierungsquelle
Original-Katalogisierungsstelle DE-627
Katalogisierungssprache ger
Übertragungsstelle DE-627
Beschreibungsfestlegungen rda
Bearbeitungsstelle DE-2950
041 ## - Sprachcode
Sprachcode des Textes/der Tonspur oder des separaten Titels ger
044 ## - Ländercode der veröffentlichenden/herstellenden Stelle
ISO-Ländercode XA-DE-NW
-- XA-AT
082 0# - Notation nach der Dewey Decimal Classification
Notation 307.760940902
Zuweisende Stelle DE-101
082 04 - Notation nach der Dewey Decimal Classification
Notation 300
-- 330
-- 940
Zuweisende Stelle DE-101
084 ## - Andere Notation
Notation NR 1800
Zuweisende Stelle DE-14/sred
Quelle der Nummer rvk
IDN des Normdatensatzes oder Standardnummer (DE-625)rvk/129177:
084 ## - Andere Notation
Notation NW 3150
Quelle der Nummer rvk
IDN des Normdatensatzes oder Standardnummer (DE-625)rvk/132079:
084 ## - Andere Notation
Notation NR 1810
Quelle der Nummer rvk
IDN des Normdatensatzes oder Standardnummer (DE-625)rvk/129178:
084 ## - Andere Notation
Notation 74.12
Quelle der Nummer bkl
084 ## - Andere Notation
Notation 15.30
Quelle der Nummer bkl
084 ## - Andere Notation
Notation 15.45
Quelle der Nummer bkl
084 ## - Andere Notation
Notation 71.14
Quelle der Nummer bkl
090 ## - LOCALLY ASSIGNED LC-TYPE CALL NUMBER (OCLC); LOCAL CALL NUMBER (RLIN)
Notation (OCLC) (R) ; Notation, CALL (RLIN) (NR) a
111 2# - Haupteintragung - Kongressname
Kongress- oder Gebietskörperschaftsname als Eintragungselement Institut für Vergleichende Städtegeschichte
Untergeordnete Körperschaft Frühjahrskolloquium
Zählung eines Teils/einer Abteilung/eines Kongresses 44.
Datum des Kongresses oder der Vertragsunterzeichnung 2015
Ort des Kongresses Münster (Westf)
Funktionsbezeichnung VerfasserIn
IDN des Normdatensatzes oder Standardnummer (DE-588)1157042473
-- (DE-627)1020042567
-- (DE-576)502598603
Code für Beziehungskennzeichnung aut
245 14 - Titel
Titel Die Konsumentenstadt :
Zusatz zum Titel Konsumenten in der Stadt des Mittelalters /
Verfasserangabe etc. hg. v. Stephan Selzer.
264 #1 - Produktion, Veröffentlichung, Distribution, Herstellung und Urheberrechtsvermerk
Herstellungs-, Veröffentlichungs- Vertriebs-, Erzeugungsort Köln;
-- Weimar;
-- Wien:
Produzent, Herausgeber, Distributor, Hersteller Böhlau Verlag,
Datum der Herstellung, der Veröffentlichung, des Vertriebs oder des Urheberschutzvermerks 2018.
300 ## - Physische Beschreibung
Umfang 287 Seiten:
Andere physische Details Illustrationen, Karten, Pläne.
Maße 24 cm x 17 cm
336 ## - Inhaltstyp
Inhaltstypterm Text
Inhaltstypcode txt
Quelle rdacontent
337 ## - Medientyp
Bezeichnung des Medientyps ohne Hilfsmittel zu benutzen
Medientypcode n
Quelle rdamedia
338 ## - Datenträgertyp
Datenträgertypbezeichnung Band
Datenträgertypcode nc
Quelle rdacarrier
490 1# - Gesamttitelangabe
Gesamttitelangabe Städteforschung
-- Reihe A, Darstellungen;
Bandnummer/Folgebezeichnung Band 98
500 ## - Allgemeine Fußnote
Allgemeine Fußnote "Die Aufsätze dieses Bandes sind die schriftlichen Fassungen derjenigen Referate, die auf der gleichnamigen Tagung am 16. und 17. März 2015 vorgetragen worden sind." - (Vorwort, Seite 7)
520 ## - Fußnote zu Zusammenfassungen usw.
Fußnote zur Zusammenfassung usw. "Für eine moderne Stadtgeschichtsforschung hat sich die Wiederaneignung von Max Webers Überlegungen zum Typus der okzidentalen Stadt als besonders inspirierend erwiesen. Weniger präsent ist demgegenüber, dass in den Debatten der Zeit um 1900 der ökonomische Aspekt des Stadtbegriffs von ganz erheblicher Bedeutung gewesen ist. Dieser Zusammenhang ist am Werk von Max Weber ablesbar. Deutlicher noch findet er sich bei Werner Sombart ausgestaltet, der gegenüber Produzenten und Fernhändlern den Konsumenten eine zentrale Rolle für Stadtentstehung und Stadtentwicklung zuweist. Der vorliegende Sammelband prüft die Ertragskraft konsumgeschichtlicher Konzepte und bezieht sie auf aktuelle Problemzusammenhänge der mittelalterlichen Stadtgeschichte." (Verlagsinformation)
650 #4 - Nebeneintragung unter einem Schlagwort - Sachschlagwort
Sachschlagwort oder geografischer Name als Eintragungselement Konsumgeschichte
650 #4 - Nebeneintragung unter einem Schlagwort - Sachschlagwort
Sachschlagwort oder geografischer Name als Eintragungselement Handelsgeschichte
653 ## - Indexierungsterm - Nicht normiert
Nicht-normierter Term Sozialgeschichte 1000 - 1500
655 #7 - Indexierungsterm - Genre/Form
Genre/Form oder fokussierter Term Konferenzschrift
Chronologische Unterteilung 16.03.2015-17.03.2015
Geografische Unterteilung Münster (Westf)
IDN des Normdatensatzes oder Standardnummer (DE-588)1071861417
-- (DE-627)826484824
-- (DE-576)433375485
Quelle der Ansetzung oder des Terms gnd-content
951 ## - EQUIVALENCE OR CROSS-REFERENCE--GEOGRAPHIC NAME/AREA NAME [OBSOLETE] [CAN/MARC only]
Geografischer Name BO
700 1# - Nebeneintragung - Personenname
Personenname Selzer, Stephan
Datumsangaben in Verbindung mit einem Namen 1968-
Funktionsbezeichnung HerausgeberIn
IDN des Normdatensatzes oder Standardnummer (DE-588)124248160
-- (DE-627)085735507
-- (DE-576)17600467X
Code für Beziehungskennzeichnung edt
710 2# - Nebeneintragung - Körperschaftsname
Körperschafts- oder Gebietskörperschaftsname als Eintragungselement Böhlau-Verlag
Sonstige Informationen Köln
Funktionsbezeichnung Verlag
IDN des Normdatensatzes oder Standardnummer (DE-588)2005806-8
-- (DE-627)101534051
-- (DE-576)191613037
Code für Beziehungskennzeichnung pbl
776 08 - Andere physische Form
Verweisungsphrase Erscheint auch als
Fußnote Online-Ausgabe
Titel Die Konsumentenstadt
Ort, Verlag und Erscheinungsjahr Köln : Böhlau Verlag, 2018
Physische Beschreibung 1 Online-Ressource (288 Seiten)
Datensatzkontrollnummer (DE-627)1027276385
Internationale Standardbuchnummer 9783412510503
830 #0 - Nebeneintragung unter dem Gesamttitel - Einheitstitel
Einheitstitel Städteforschung / A
Bandnummer/Folgebezeichnung Band 98
Koha-Normdatenidentnummer 98
Datensatzkontrollnummer (DE-627)130159506
-- (DE-576)015701735
-- (DE-600)517592-6
Internationale Standardseriennummer 2748-4564
856 42 - Elektronische Adresse und Zugriff
URL <a href="http://www.gbv.de/dms/weimar/toc/88762202X_toc.pdf">http://www.gbv.de/dms/weimar/toc/88762202X_toc.pdf</a>
Kontaktstelle für Hilfe beim Zugriff V:DE-601
-- B:DE-Wim2
Elektronisches Format application/pdf
Verknüpfungstext Inhaltsverzeichnis
Spezifische Materialangaben Inhaltsverzeichnis
856 42 - Elektronische Adresse und Zugriff
URL <a href="http://d-nb.info/1131583027/04">http://d-nb.info/1131583027/04</a>
Kontaktstelle für Hilfe beim Zugriff B:DE-101
Elektronisches Format application/pdf
Spezifische Materialangaben Inhaltsverzeichnis
936 rv - OCLC/CONSER MISCELLANEOUS DATA (OCLC); PIECE USED FOR CATALOGING (pre-AACR2) (RLIN)
OCLC control number(s) of parallel record(s) (OCLC); Piece used for cataloging, PUC (RLIN) NR 1800
936 rv - OCLC/CONSER MISCELLANEOUS DATA (OCLC); PIECE USED FOR CATALOGING (pre-AACR2) (RLIN)
OCLC control number(s) of parallel record(s) (OCLC); Piece used for cataloging, PUC (RLIN) NW 3150
936 rv - OCLC/CONSER MISCELLANEOUS DATA (OCLC); PIECE USED FOR CATALOGING (pre-AACR2) (RLIN)
OCLC control number(s) of parallel record(s) (OCLC); Piece used for cataloging, PUC (RLIN) NR 1810
936 bk - OCLC/CONSER MISCELLANEOUS DATA (OCLC); PIECE USED FOR CATALOGING (pre-AACR2) (RLIN)
OCLC control number(s) of parallel record(s) (OCLC); Piece used for cataloging, PUC (RLIN) 74.12
936 bk - OCLC/CONSER MISCELLANEOUS DATA (OCLC); PIECE USED FOR CATALOGING (pre-AACR2) (RLIN)
OCLC control number(s) of parallel record(s) (OCLC); Piece used for cataloging, PUC (RLIN) 15.30
936 bk - OCLC/CONSER MISCELLANEOUS DATA (OCLC); PIECE USED FOR CATALOGING (pre-AACR2) (RLIN)
OCLC control number(s) of parallel record(s) (OCLC); Piece used for cataloging, PUC (RLIN) 15.45
936 bk - OCLC/CONSER MISCELLANEOUS DATA (OCLC); PIECE USED FOR CATALOGING (pre-AACR2) (RLIN)
OCLC control number(s) of parallel record(s) (OCLC); Piece used for cataloging, PUC (RLIN) 71.14
942 ## - Zusätzliche Felder (Koha)
Klassifikation oder Aufstellungssystematik Andere/Generische Klassifikation
Koha-Medientyp Bücher
Exemplare
Ausgeschieden Verloren Klassifikation oder Aufstellungssystematik Beschädigt Nicht entleihbar Heimatbibliothek Aufenthaltsbibliothek Aufstellungsort Erwerbungsdatum Lieferant Kaufpreis Anzahl Ausleihen Signatur Letzte Aktivität Exemplarnummer Preis gültig von Koha-Medientyp
    Andere/Generische Klassifikation     Stadtarchiv Frankfurt (Oder) | Archivbibliothek Stadtarchiv Frankfurt (Oder) | Archivbibliothek Lesesaal 04/01/2022 Hutten 27.00   O21.98 ; III:1918 04/01/2022 185/2021 04/01/2022 Bücher